006390000a2200241000450024500870000004100130008770000180010070000160011870000160013470000180015070000160016870000180018470000170020270000150021970000140023470000150024870000150026370000190027870000190029770000180031610000180033477300450035210aEffects of biodiveristy on ecosystem functioningsa consensus of current knowledge0 aInglés1 aChapin, F. S.1 aEwel, J. J.1 aHector , A.1 aInchausti, P.1 aLavorel, S.1 aLawton, J. H.1 aLodge, D. M.1 aLoreau, M.1 aNaeem, S.1 aSchmid, B.1 aSetala, H.1 aSymstad, A. J.1 aVandermeer, J.1 aWardle, D. A.1 aHooper, D. U.1 tEcological Monographsh1q3-35d2005g75